000 00645nam a2200229Ia 4500
003 OSt
005 20220928125623.0
006 a|||||r|||| 00| 0
007 ta
008 220927b |||||||| |||| 00| 0 eng d
024 _a45813
037 _cTextual
040 _aSDCL
_cSDCL
_beng
041 _2eng
_aeng
082 _aR198, M3
100 _aGood I J
_9470566
245 0 _aGood thinking
_b The foundations of probability and its applications.
260 _aMinnjeapolis
_bUniversity of Minnesota Press
_c1983
300 _axviii,332p.
_ccm.
942 _hR198, M3
_cTEXL
_2CC
999 _c783274
_d783274